| 000 | 00441nam a22000977a 4500 | ||
|---|---|---|---|
| 999 |
_c2825 _d2825 |
||
| 008 | 181001b ||||| |||| 00| 0 eng d | ||
| 100 | _aStruve, C. V. | ||
| 245 | _aThe Christmas seals of Denmark and the Danish West Indies, 1904-1953 | ||
| 260 |
_aCopenhagen _bOffice of the Christmas Seal Committee _c1954 |
||
| 650 | _aDenmark | Danish West Indies | Christmas Seals | Seals and Labels | Cinderella Material | Exhibitions | Catalogs and Publications | ||